Материалы по русской иконографии. [Вып.] 4: Русские портреты XVIII - начала XX вв. (Запись № 10764074)

Подробности
000 -МАРКЕР
контрольное поле 01760nam2a2200325 4500
001 - ИДЕНТИФИКАТОР ЗАПИСИ
контрольное поле RU\NLR\BIBL_A\010944983
005 - ИДЕНТИФИКАТОР ВЕРСИИ
контрольное поле 20250624203041.0
010 ## - МЕЖДУНАРОДНЫЙ СТАНДАРТНЫЙ НОМЕР КНИГИ (ISBN)
Номер (ISBN) 78-5-903781-12-6
Тираж 1200
021 ## - НОМЕР ГОСУДАРСТВЕННОЙ РЕГИСТРАЦИИ
Код страны Российская Федерация
Номер 2015-95386
Номер Листа государственной регистраци 5904
035 ## - ДРУГИЕ СИСТЕМНЫЕ НОМЕРА
Идентификатор записи (NLR Aleph) 010944983
100 ## - ДАННЫЕ ОБЩЕЙ ОБРАБОТКИ
Данные общей обработки 20151225d2015 |||y0rusy50 ca
101 0# - ЯЗЫК РЕСУРСА
Язык текста, звукозаписи и т.д. русский
102 ## - СТРАНА ПУБЛИКАЦИИ ИЛИ ПРОИЗВОДСТВА
Страна публикации Российская Федерация
105 ## - ПОЛЕ КОДИРОВАННЫХ ДАННЫХ: ТЕКСТОВЫЕ МАТЕРИАЛЫ, МОНОГРАФИЧЕСКИЕ
Кодированные данные о монографическом текстовом документе ach z 001yy
200 1# - ЗАГЛАВИЕ И СВЕДЕНИЯ ОБ ОТВЕТСТВЕННОСТИ
Основное заглавие Русские портреты XVIII - начала XX вв.
Сведения, относящиеся к заглавию [антология атрибуций, 2015 год]
210 ## - ПУБЛИКАЦИЯ, РАСПРОСТРАНЕНИЕ И ДР.
Место издания, распространения и т.д. Москва
Имя издателя, распространителя и т. д. Аватар
Дата издания, распространения и т.д. 2015
215 ## - ФИЗИЧЕСКАЯ ХАРАКТЕРИСТИКА
Специфическое обозначение материала и объем 207 с.
Другие сведения о физической характеристике ил., цв. ил., портр., факс.
300 ## - ОБЩИЕ ПРИМЕЧАНИЯ
Текст примечания Общ. загл. вып.: Материалы по иконографии
320 ## - ПРИМЕЧАНИЯ О НАЛИЧИИ В ДОКУМЕНТЕ БИБЛИОГРАФИИ / УКАЗАТЕЛЯ
Текст примечания Библиогр. в подстроч. примеч.
320 ## - ПРИМЕЧАНИЯ О НАЛИЧИИ В ДОКУМЕНТЕ БИБЛИОГРАФИИ / УКАЗАТЕЛЯ
Текст примечания Имен. указ. лиц, упоминаемых в первых четырех вып. сб.: с. 182-206
461 #0 - УРОВЕНЬ НАБОРА
Встроенное поле 001RU\NLR\BIBL_A\010302479
-- 2001#$aМатериалы по русской иконографии$e[сборник]$fКом. по рус. иконографии$g[сост.: С.А. Подстаницкий]$v[Вып.] 4
Системный номер (АБИС) связанной записи 10600435
Место публикации Москва
Дата публикации 2013
Первые сведения об ответственности Ком. по рус. иконографии
Имя издателя, распространителя и т.д. Фонд "Русские Витязи"
Сведения, относящиеся к заглавию [сборник]
Заглавие Материалы по русской иконографии
Номер тома [Вып.] 4
517 1# - ДРУГИЕ ВАРИАНТЫ ЗАГЛАВИЯ
Вариант заглавия Материалы по иконографии
517 1# - ДРУГИЕ ВАРИАНТЫ ЗАГЛАВИЯ
Вариант заглавия Антология атрибуций, 2015 год
606 1# - НАИМЕНОВАНИЕ ТЕМЫ КАК ПРЕДМЕТ
Наименование темы Портрет русский
Формальный подзаголовок Сборники
Хронологический подзаголовок 18 - 20 вв.
Системный номер авторитетной/нормативной записи 2469435
Идентификатор авторитетной/нормативной записи RU\NLR\AUTH\661466789
686 1# - ИНДЕКСЫ ДРУГИХ КЛАССИФИКАЦИЙ
Индекс Щ103(2Р=Рус)-475 я43
942 ## - ДОПОЛНИТЕЛЬНЫЕ ЭЛЕМЕНТЫ ЗАПИСИ (АБИС)
Тип экземпляра АБИС Книга
980 ## - КОЛЛЕКЦИЯ
Название коллекции Национальная библиография
Экземпляры
Тип экземпляра Дата поступления Источник поступления Библиотека постоянного хранения Библиотека текущего хранения Место хранения Шифр хранения Штрих-код Статус экземпляра Стоимость
Книга 25.12.2015 Обязательный экземпляр РНБ (Московский) РНБ (Московский) Русский книжный фонд: издания с 1957 года 2014-7/1456 1-1277867    
Книга 25.12.2015 Обязательный экземпляр РНБ (Московский) РНБ (Московский) Русский книжный фонд: издания с 1957 года 2014-7/1456 1-1277868    
Книга 20.02.2016 Покупка РНБ (Московский) РНБ (Московский) Залы гуманитарной литературы Л1 Щ103(2Р=Р)-4 БФ/М-341 1-2215281   1974.00
Книга 20.02.2016 Дар РНБ (Садовая) РНБ (Садовая) Фонд эстампов и фотографий, подручный   1-1225935   300.00
Книга 20.02.2016 Покупка РНБ (Садовая) РНБ (Садовая) Универсальный читальный зал У Щ103(2)/М - 341 1-2215282   1974.00
Книга 20.02.2016   РНБ (Фонтанка) РНБ (Фонтанка) Юношеский читальный зал   ERR-64695   0.00